Quizzes
Events
Quiz Creation
Community
Videos
Private Events
Remove Ads
Sign In
Join for FREE
Feedback
Dark Mode
Quiz Categories
Sports
Geography
Music
Movies
Television
Just For Fun
Miscellaneous
History
Literature
Language
Science
Gaming
Entertainment
Religion
Holiday
For Kids
Quiz Lab
Recent
Popular Today
Quiz Kudos Today
Editor Picks
Curator Picks
Quizzes by...
Day
Popularity
Type
Ratings
Length
Year
Community
Subscriptions
Recent Discussions
Orange Saloon
Badges
Playlists
Quests
Create
Leaderboards
Showdown
Live 5
Trivia Bingo
Activity
Puzzle Library
Sporcle Events
Private Events
Virtual Trivia
Globe League
Become a Host
Pub Owners
SporcleCon
Opinionation
Our Games
Videos
Blog
Mobile Apps
Partnerships
Remove Ads and Go Orange
Feedback
Sports
Athletes
MLB
NBA
NHL
NFL
Soccer
Sports Teams
WWE
NCAA
Football
Premier League
Basketball
Baseball
Hockey
Golf
Tennis
Cricket
Rugby
Auto Racing
Olympics
World Cup
Sports
Athletes
MLB
NBA
NHL
NFL
Soccer
Sports Teams
WWE
NCAA
Football
Premier League
Basketball
Baseball
Hockey
Golf
Tennis
Cricket
Rugby
Auto Racing
Olympics
World Cup
Random Quiz
Search Sporcle
×
Quiz Lab
Quiz Lab
Sports
season
Type in answers that appear in a list
Type in answers that appear in a list
Classic
Best Score? Go Orange.
Top goalscorer each season - Everton Stats
Name the top goalscorer for Everton each season.
By
iDom
10m
87 Questions
534 Plays
534 Plays
534 Plays
Comments
Comments
Give Quiz Kudos
Give Quiz Kudos
-
- Ratings
hide this ad
More Info
Replay
Link that replays current quiz
Next Quiz
Link to next quiz in quiz playlist
You Got
0%
They Got
Avg Score
54%
Avg Friend Score
Upgrade to see
Score Distribution
Jump to the score distribution portion of the page
Score
0/87
Timer
10:00
0
Plays Today
Year
Player
% Correct
2014/
15
Romelu Lukaku
98%
2015/
16
Romelu Lukaku
98%
2016/
17
Romelu Lukaku
97.6%
2013/
14
Romelu Lukaku
97.6%
2019/
20
Dominic Calvert-Lewin
94.2%
2020/
21
Dominic Calvert-Lewin
92.7%
1996/
97
Duncan Ferguson
92.1%
1997/
98
Duncan Ferguson
92.1%
2001/
02
Duncan Ferguson
92.1%
2003/
04
Duncan Ferguson
92.1%
Richarlison
92%
2004/
05
Tim Cahill
90.3%
2008/
09
Tim Cahill
90.3%
2017/
18
Wayne Rooney
89.5%
2018/
19
Richarlison
89.1%
1985/
86
Gary Lineker
86.5%
Marouane Fellaini
84.5%
2012/
13
Marouane Fellaini
84.5%
1971/
72
David Johnson
84.1%
2006/
07
Andrew Johnson
84.1%
2007/
08
Yakubu Aiyegbeni
84.1%
1981/
82
Graeme Sharp
83.3%
1982/
83
Graeme Sharp
83.3%
1984/
85
Graeme Sharp
83.3%
1987/
88
Graeme Sharp
83.3%
Wayne Rooney
81.8%
1998/
99
Kevin Campbell
81.1%
1999/
00
Kevin Campbell
81.1%
2000/
01
Kevin Campbell
81.1%
Year
Player
% Correct
2002/
03
Kevin Campbell
81.1%
2009/
10
Louis Saha
80.9%
Louis Saha
80.9%
2021/
22
Richarlison
80.4%
Gylfi Sigurðsson
79.9%
1988/
89
Tony Cottee
79%
1989/
90
Tony Cottee
79%
1990/
91
Tony Cottee
79%
1992/
93
Tony Cottee
79%
1993/
94
Tony Cottee
79%
2011/
12
Nikica Jelavić
77.9%
1994/
95
Paul Rideout
77.7%
2005/
06
James Beattie
75.3%
1974/
75
Bob Latchford
68.7%
1975/
76
Bob Latchford
68.7%
1976/
77
Bob Latchford
68.7%
1977/
78
Bob Latchford
68.7%
1978/
79
Bob Latchford
68.7%
1995/
96
Andrei Kanchelskis
68.5%
1966/
67
Alan Ball
67.8%
1967/
68
Alan Ball
67.8%
Kevin Sheedy
67.2%
1983/
84
Adrian Heath
66.1%
1986/
87
Adrian Heath
66.1%
1968/
69
Joe Royle
65%
1969/
70
Joe Royle
65%
1970/
71
Joe Royle
65%
Joe Royle
65%
Trevor Steven
61.4%
Year
Player
% Correct
1991/
92
Peter Beardsley
60.7%
Gary Speed
49.8%
2010/
11
Jermaine Beckford
49.8%
2022/
23
Dwight McNeil
47.1%
1958/
59
Dave Hickson
35.2%
1960/
61
Roy Vernon
34.3%
1961/
62
Roy Vernon
34.3%
1962/
63
Roy Vernon
34.3%
1963/
64
Roy Vernon
34.3%
1973/
74
Mick Lyons
28.8%
1980/
81
Peter Eastoe
27.3%
1979/
80
Brian Kidd
27.2%
1964/
65
Fred Pickering
25.7%
1966/
66
Fred Pickering
25.7%
1959/
60
Bobby Collins
23.6%
1951/
52
John Willie Parker
21.5%
1952/
53
John Willie Parker
21.5%
1953/
54
John Willie Parker
21.5%
1954/
55
John Willie Parker
21.5%
1972/
73
Joe Harper
19.9%
1955/
56
Jimmy Harris
18%
1957/
58
Jimmy Harris
18%
Eddie Thomas
16.9%
1948/
49
Eddie Wainwright
13.5%
1949/
50
Eddie Wainwright
13.5%
1950/
51
Jimmy McIntosh
10.7%
1956/
57
Tony McNamara
10.5%
1946/
47
Jock Dodds
10.1%
1947/
48
Jock Dodds
10.1%
Quiz Playlist
Details
Report
Send in Message
Add To Playlist
More Info:
Goals scored in official club competitions only
Classic:
Type in answers that appear in a list
Last Updated: Aug 9, 2023
Quiz Scoreboard
CHALLENGE
Sign Up to Join the Scoreboard
Show All
Scores
Hide
Comments
May contain spoilers
Recently Published
Presidents Visiting Landmarks
by Hejman
History
7m
An Introduction to Baseball
by treessimontrees
Sports
5m
Movies - When Are They Set?
by FPL_Elf
Movies
5m
More to Explore
Quiz From the Vault
Featured Blog Post
Where Did the Easter Bunny Come From?
hide this ad
You Might Also Like...
Tags
Everton
goal
Goal Scorers
Player
season
Today's Top Quizzes in Sports
Browse Sports
hide this ad
Today's Top Quizzes in season
Browse season
Top Contributed Quizzes in Sports
1
Les meilleurs buteurs des matchs entre le PSG et l’OM
2
2022 World Cup Stars
3
FIFA Club World Cup Champions
4
Les entraîneurs de l'OM et du PSG au 21e siècle
5
Name the Premier League winners with different clubs
6
La finale Lions - Afrique du Sud 2021
7
England Test cricketers to play under Nasser Hussain
8
5-to-1: UK Sports Teams
9
Les joueurs passés par le LOSC et le RC Lens
10
Criteria MLB: Left Handed Sluggers
Explore More
Trending Topics
NBA
Crossword
Anime
Marvel
Kpop
Harry Potter
Disney
NFL
WWE
Song
Soccer
Pokémon
Country
Puzzle
The Office
hide this ad
More By:
iDom
Quiz
Plays
Rating
Category
Featured
Created
El Clasico La Liga XIs 2010-2015
17,558
4.75
Sports
Mar 5, 2014
2000s Champions in European club competitions
14,258
4.67
Sports
Aug 19, 2019
2010s Champions in European club competitions
13,721
5.00
Sports
Aug 19, 2019
Liverpool v Man Utd Premier League XIs 2017-2022
11,438
4.90
Sports
Oct 16, 2017
Merseyside derby Premier League XIs 2012-2017
11,262
4.70
Sports
Feb 27, 2014
Go to Creator's Profile
Score Distribution
Quiz Creator Spotlight
iDom
Follow
Send a Message
Quizzes Created
-
Created Quiz Play Count
-
More By This Creator
Popular Quizzes Today
1
Find the Countries of Europe - No Outlines Minefield
2
Find the US States - No Outlines Minefield
3
The Countries of the World
4
Popular People in 1961
5
Find the US States
6
US States
7
1-10 Letter E Words III
8
Risky Map Clicking: Biggest States A-Z
More Sports Quizzes
Júlio César's Cup Final XI's
Quiz Lab
Trending Quizzes
Risky Map Clicking: Least Populous States A-Z
1-10 Letter F Words
1-10 Letter G Words
One Thing in Common: United Kingdom
Risky Map Clicking: Next State Alphabetically
Recently Updated
Leaping Animals
pecheneg
Reality TV Shows (A-Z)
bhenderson79
Rickey Henderson's Hall of Fame Teammates
pecheneg
Champions League XIs: Arsenal
pecheneg
Quick Pick: Celebrities in WWE's Hall of Fame
aduchscher
A-Z Keypad Blitz II
pecheneg
Multiple Oscar Actors
pecheneg
Mystery Phrase Blitz: Oscar 'Best Actors'
pecheneg
F. Scott Fitzgerald Novels
LTH
Pick 3 Villains
ddd62291
Trending Topics
Crossword
Harry Potter
NBA
Disney
Anime
Marvel
Kpop
The Office
WWE
Pokémon
Country
Soccer
Puzzle
NFL
Song
Your Account Isn't Verified!
In order to create a playlist on Sporcle, you need to verify the email address you used during registration. Go to your
Sporcle Settings
to finish the process.
Report this User
Report this user for behavior that violates our
Community Guidelines
.
Details:
Send Report
Go to the Sporcle.com Mobile Site →
Comments